00481nam a2200145Ia 4500003000900000008004100009020002600050040001600076100002500092245003000117260003200147300002000179490003300199856010300232IN-BaIIA211028s9999 xx s 000 0 eng d a9780819416858 (Print) cIIA Library aEl-Hakim, Sabry, ed. 0aVideometrics IIIh[eBook] aWashington, USAbSPIEc1994 aOnline resource aProceedings of SPIE; V. 2350 uhttps://www.spiedigitallibrary.org/conference-proceedings-of-spie/2350yClick Here to Access eBook